000 00424cam a22001337a 4500
008 180718b1999 xxu||||| |||| 00| 0 eng d
100 _aPradhan, Menno
245 _aDemand for public safety
_cby Menno Pradhan and Martin Ravallion
260 _aWashington, D.C.
_bWorld Bank
_c1999
300 _a29p.
440 _aPolicy research working paper 2043
650 _aOffenses against public safety
700 _aRavallion, Martin
999 _c278129
_d278129